| 000 | 01011nas a2200325 4500 | ||
|---|---|---|---|
| 001 | BR2013001430 | ||
| 003 | BR-BrBNA | ||
| 005 | 20231205121956.0 | ||
| 007 | ta | ||
| 008 | 230509b bl.|||p| |||| 00| 00por d | ||
| 040 |
_aBR-BrBNA _bpor _cBiblioteca Nacional de Agricultura |
||
| 041 | _a(Pt) | ||
| 072 | _aF30; F50 | ||
| 100 | 1 | _aChia, G.S. | |
| 100 | 1 | _aLopes, R. | |
| 100 | 1 | _aCunha, R.N.V. da | |
| 100 | 1 | _aRocha, R.N.C. da | |
| 100 | 1 | _aRios, A. de A. | |
| 245 | 1 | _aGene sh e ginandromorfia em inflorescências masculinas de híbridos F1 entre o caiaué e o dendezeiro | |
| 650 | _aCAIAUÉ | ||
| 650 | _aPALMEIRA OLEAGINOSA | ||
| 650 | _aDENDÊ | ||
| 650 | _aINFLORESCÊNCIA | ||
| 650 | _aCRUZAMENTO VEGETAL | ||
| 650 | _aMELHORAMENTO GENÉTICO VEGETAL | ||
| 650 | _aMÉTODO ESTATÍSTICO | ||
| 773 | 0 |
_tRevista de Ciências Agrárias (Brazil) _xISSN 1517-591X _g(jul-sep 2012), v. 55(3) p. 212-219 _wBR2013001430 |
|
| 909 |
_a202311 _bLúcia _c55 _dLúcia Elande |
||
| 942 |
_2AGRIS _n0 _cANA |
||
| 999 |
_c226240 _d226240 |
||